000 00597nam a22001817a 4500
999 _c190024
_d190024
005 20220715163159.0
010 _aENG-133612
020 _a9789354791574
_c1395.00
035 _aEN-117144
037 _bDBAD/PUB
082 _a320.01
245 _aPolitical Thought in Indic Civilization/
_cEdited by Himanshu Roy
260 _aNew Delhi
_bSage Publications India Pvt. Ltd
_c2021
270 _aB-1/I-I Mohan Cooperative Industrial Area Mathura Road,
_bNew Delhi
_e110044
300 _avii, 314p.
_bIndex
_c22cm(hb)
700 _aRoy, Himanshu
942 _2ddc
_cEN
_h320.01
_mPOL